000 00742nam a2200241Ia 4500
003 GCL
008 140319s9999 xx 000 0 ara d
020 _a4002109977
040 _aGCL /
_cGCL
082 0 4 _aق
_b962.07
_bاا
100 1 _aاحمد بهاءالدين
245 1 0 _aايام لها تاريخ /
_cاحمد بهاءالدين
250 _aالثالثة
260 _aالقاهرة :
_bدار الشروق ،
_c1991
300 _a177 ص ؛
_c19 سم
490 _a
650 0 4 _aعلى عبدالرازق
650 0 4 _aالاسلام - نظام الحكم
650 0 4 _aزفتى
650 0 4 _aمصر - الاحوال السياسية
650 0 4 _aمصر - الاحوال الاجتماعية
942 _2ddc
_cBK
999 _c46208
_d46208